Real Estate 4 Ransom (Record no. 333293)
[ view plain ]
| 000 -LEADER | |
|---|---|
| fixed length control field | 00531nam a2200097Ia 4500 |
| 008 - FIXED-LENGTH DATA ELEMENTS--GENERAL INFORMATION | |
| fixed length control field | 170517s9999 xx 000 0 und d |
| 245 ## - TITLE STATEMENT | |
| Title | Real Estate 4 Ransom |
| 300 ## - PHYSICAL DESCRIPTION | |
| Extent | Real Estate 4 Ransom is a documentary about global property speculation and its impact on the economy. Real Estate 4 Ransom considers the changing motivations behind property investment and challenges the notion that the Global Financial Crisis was caused... |
| 650 ## - SUBJECT ADDED ENTRY--TOPICAL TERM | |
| General subdivision | Business and Economics. |
| 856 ## - ELECTRONIC LOCATION AND ACCESS | |
| Uniform Resource Identifier | <a href="http://topdocumentaryfilms.com/real-estate-4-ransom/">http://topdocumentaryfilms.com/real-estate-4-ransom/</a> |
| Withdrawn status | Lost status | Damaged status | Home library | Current library | Date acquired | Total Checkouts | Date last seen | Price effective from | Koha item type |
|---|---|---|---|---|---|---|---|---|---|
| College Library | College Library | 05/17/2017 | 05/17/2017 | 05/17/2017 | Documentary Films |